| 000 | 01025nam a22001577a 4500 | ||
|---|---|---|---|
| 008 | 110620t xxu||||| |||| 00| 0 eng d | ||
| 010 | _aCACAF59 | ||
| 245 | _aThe Court of Appeal Civil Appeal No. 34 of 2001. Fulgensius Mungereza Vs Pricewater coopers Africa Central | ||
| 260 | _c2001 | ||
| 500 | _aCoram: Hon. Justice G.M. Okello , JA Hon. Justice A.E.N.Mpagi-Bahigeine , JA Hon. Juatice S.G. Engwau, JA | ||
| 500 | _aAppeal from the Ruling and Order of the High Court at Kampala ( Arach-Amoko J) dated 7.02.2001 in Miscellaneous Application No. 967 of 2000 arising out of HCCS No. 661 of 2000. | ||
| 999 |
_c3326 _d3326 |
||